Formula One Daniel Ricciardo Wins - Statistics

General Stats
  • This quiz has been taken 150 times
  • The average score is 7 of 8
Answer Stats
Hint Answer % Correct
2018 Monaco
98%
2021 Italy
91%
2014 Canada
87%
2017 China
82%
2014 Hungary
81%
2017 Azerbaijan
76%
2014 Belgium
75%
2016 Malaysia
75%
No matching quizzes found
Score Distribution
Percent of People with Each Score
Percentile by Number Answered
Your Score History
You have not taken this quiz